Brawl Stars: Chuck Skins by Picture - Statistics

General Stats
  • This quiz has been taken 27 times
    6 since last reset
  • The average score is 4 of 5
Answer Stats
Picture Answer % Correct
Desert Scorpion Chuck
100%
True Gold Chuck
83%
True Silver Chuck
83%
Electroid Chuck
67%
Inferno Chuck
33%
No matching quizzes found
Score Distribution
Percent of People with Each Score
Percentile by Number Answered
Your Score History
You have not taken this quiz since the last reset